[Event "Biel op"]
[Site "Biel"]
[Date "1989.??.??"]
[Round "6"]
[White "Landenbergue, Claude"]
[Black "Shvidler, Eliahu"]
[Result "1/2-1/2"]
[WhiteElo "2345"]
[BlackElo "2400"]

1.Nf3 d5 2.c4 c6 3.g3 Nf6 4.Bg2 dxc4 5.O-O g6 6.Qc2 Qd5 7.Na3 Be6 8.Nh4 Qd4
9.Nf3 Qe4 10.Qxe4 Nxe4 11.Nd4 Bd5 12.Bxe4 Bxe4 13.Nxc4 Bg7 14.Nb3 b6 15.Ne3 c5
16.a4 Nd7 17.Ra2 Rc8 18.d3 Ba8 19.Bd2 O-O 20.Bc3 Nf6 21.Nd2 Nd5 22.Bxg7 Kxg7
23.Nxd5 Bxd5 24.b3 e5 25.Rc2 f5 26.Rfc1 Rcd8 27.a5 Kf6  1/2-1/2

[Event "Noviki-B"]
[Site "Budapest"]
[Date "1989.??.??"]
[Round "?"]
[White "Casagrande, Harald"]
[Black "Lengyel, Bela"]
[Result "1-0"]
[WhiteElo "2365"]
[BlackElo "2365"]

1.Nf3 d5 2.c4 dxc4 3.Na3 Nf6 4.Nxc4 g6 5.b3 Bg7 6.Bb2 O-O 7.g3 Nc6 8.Bg2 Bf5
9.O-O Qc8 10.Re1 Rd8 11.Rc1 Bh3 12.Bh1 Bh6 13.a3 Ng4 14.Qc2 f6 15.e3 e5 16.b4 a6
17.Nh4 Bg7 18.d4 Re8 19.d5 Ne7 20.Qb3 Kh8 21.Nb6 cxb6 22.Rxc8 Nxc8 23.b5 a5
24.Bg2 Bxg2 25.Nxg2 Nd6 26.e4 Rac8 27.f3 Nh6 28.Rc1 Nhf7 29.Ne3 Rxc1+ 30.Bxc1 Rc8
31.Bd2 f5 32.exf5 gxf5 33.a4 e4 34.f4 Rc5 35.Kg2 Kg8 36.Qd1 Nh6 37.Qh5 Rc8
38.Qg5 Nhf7 39.Qh5 Nh6 40.h3 Nc4 41.Nxf5 Nxf5 42.Qxf5 Re8 43.Qd7 Kf8 44.Be1 Ne3+
45.Kf2 Nc2 46.d6 e3+ 47.Ke2 Nd4+ 48.Kd3 Ne6 49.Ke2 Nd4+ 50.Kf1 e2+ 51.Kf2 Ne6
52.Qxb7 Nc5 53.Qd5 Bf6 54.d7 Rd8 55.Qf5 Kg7 56.Kxe2 Rxd7 57.Kf3 Rd3+ 58.Kg4 Bd4
59.Qg5+ Kf7 60.Qd5+ Ke7 61.Qc4 Kd6 62.Kf5 Rd1 63.Bc3 Bxc3 64.Qxc3 Rd5+ 65.Kg4 Nd7
66.Kh4 Nc5 67.Qf6+  1-0

[Event "Noviki-B"]
[Site "Budapest"]
[Date "1989.??.??"]
[Round "?"]
[White "Stangl, Markus"]
[Black "Lengyel, Bela"]
[Result "0-1"]
[WhiteElo "2375"]
[BlackElo "2365"]

1.Nf3 d5 2.c4 dxc4 3.Qa4+ Nc6 4.e3 Bd7 5.Bxc4 e5 6.Nc3 Bd6 7.Ne4 Be7 8.Qb3 Nh6
9.O-O f5 10.Ng3 Bd6 11.Bd5 e4 12.Nd4 Nxd4 13.exd4 Qh4 14.Be6 O-O-O 15.d3 e3
16.Bxe3 Ng4 17.h3 Nxe3 18.fxe3 Qxg3 19.Rf3 Qh2+ 20.Kf2 Be7 21.Rg1 Bh4+ 22.Kf1 Rhe8
23.d5 Bxe6 24.dxe6 Qd6 25.Ke2 Rxe6  0-1

[Event "Buenos Aires MEPH"]
[Site "Buenos Aires"]
[Date "1989.??.??"]
[Round "1"]
[White "Rubinetti, Jorge A"]
[Black "Rossetto, Hector"]
[Result "1/2-1/2"]
[WhiteElo "2460"]
[BlackElo "2310"]

1.Nf3 d5 2.c4 c6 3.e3 Nf6 4.Nc3 g6 5.d4 Bg7 6.Bd3 O-O 7.O-O Nbd7 8.cxd5 Nxd5
9.Qb3 Nc7 10.Rd1 b6 11.e4 Bb7 12.Be3 e6 13.Rac1 Qe7 14.Bg5 Bf6 15.Bxf6 Qxf6
16.e5 Qe7 17.Be4 Nd5 18.Bxd5 exd5 19.Re1 Rfd8 20.Qc2 Nf8 21.Qd2 Kg7 22.h4 h6
23.Nd1 Ne6 24.Ne3 h5 25.g3 c5 26.Ng2 Rac8 27.Nf4 Rc7 28.Rc3 Bc8 29.Rec1 c4
30.a3 b5 31.Nxe6+ Bxe6 32.Re3 Rb7 33.Qb4 Ra8  1/2-1/2

[Event "Cannes schev"]
[Site "Cannes"]
[Date "1989.??.??"]
[Round "?"]
[White "Larsen, Bent"]
[Black "Renet, Olivier"]
[Result "1/2-1/2"]
[WhiteElo "2580"]
[BlackElo "2480"]

1.Nf3 d5 2.c4 e6 3.d4 Nf6 4.Nc3 Be7 5.Bg5 O-O 6.e3 h6 7.Bh4 b6 8.cxd5 Nxd5
9.Bxe7 Qxe7 10.Rc1 Bb7 11.Nxd5 Bxd5 12.Be2 c5 13.dxc5 bxc5 14.O-O Nd7 15.Rc3 Rab8
16.Qc2 Nf6 17.Ra3 c4 18.Nd2 Qb7 19.Rb1 Bxg2 20.f3 Bh3 21.Nxc4 Qe7 22.Kh1 e5
23.Rg1 Rfc8 24.Qc3 Rc5 25.Ra5 Rxa5 26.Qxa5 e4 27.f4 Be6 28.b3 Rc8 29.Qc3 Kh8
30.Qb2 Rd8 31.Qc3 Rd3 32.Qe5 Rd7 33.Qc3 Qc5 34.Rc1 Bg4 35.Bf1 Bf3+ 36.Kg1 Rc7
37.Qe1 Nd5 38.Qf2 Nxe3 39.b4 Qd4 40.Re1 Nf5 41.Qxd4 Nxd4 42.Kf2 g5 43.fxg5 hxg5
44.h4 g4 45.Kg3 Nf5+ 46.Kf4 Nxh4 47.Ne5 Kg7 48.Nxf3 Nxf3 49.Rd1 Rc2 50.Rd7 Nd2
51.Be2 Rxa2 52.Bxg4 Kg6 53.b5 Nb3 54.Rd5 Ra4 55.Bh5+ Kg7 56.Rg5+ Kh6 57.Rd5 Kg7
58.Rg5+ Kh6 59.Rd5 f6 60.Bd1 Rb4 61.Bxb3 Rxb3 62.Kxe4 Kg6 63.Rd7 Rb4+ 64.Kf3  1/2-1/2

[Event "Caorle op"]
[Site "Caorle"]
[Date "1989.??.??"]
[Round "5"]
[White "Zivkovic, Rajko"]
[Black "Mufic, Goran"]
[Result "0-1"]
[WhiteElo "2000"]
[BlackElo "2275"]

1.Nf3 d5 2.c4 c6 3.g3 Bf5 4.Bg2 e6 5.O-O Nf6 6.b3 h6 7.Bb2 Be7 8.d3 O-O 9.Nbd2 Nbd7
10.Qc2 a5 11.e4 dxe4 12.dxe4 Bh7 13.a3 Nc5 14.Ne5 Nfd7 15.Rfd1 Qc7 16.Ng4 Bg6
17.Qc3 f6 18.h3 Rfd8 19.f4 Nf8 20.Nf2 Qb6 21.Qe3 Rd7 22.Rab1 Rad8 23.Bf1 Qc7
24.Be2 Na6 25.Nf1 Bc5 26.Qf3 Qb6 27.Bc3 Bxa3 28.Kh2 Bb4 29.Bxb4 Nxb4 30.Rxd7 Rxd7
31.Rd1 Rxd1 32.Bxd1 Nd7 33.Ne3 Qd4 34.Kg1 Nd3 35.Bc2 Ne1 36.Qe2 Nxc2 37.Nxc2 Qc3
38.Kg2 Qxb3 39.Nd4 Qb4 40.Nxe6 Bf7 41.Qg4 g6 42.Nd8 Nf8 43.Nxf7 Kxf7 44.Qc8 a4
45.Ng4 Qe7 46.e5 fxe5 47.Nxe5+ Kg7 48.Qa8 a3 49.Qa7 Qb4 50.Qb8 Nd7 51.Qc7 Qe7
52.Qxb7 a2 53.Qa7 h5 54.Kf3 Nxe5+  0-1

[Event "Cheliabinsk"]
[Site "Cheliabinsk"]
[Date "1989.??.??"]
[Round "?"]
[White "Panchenko, Alexander N"]
[Black "Galliamova, Alisa"]
[Result "1/2-1/2"]
[WhiteElo "2430"]
[BlackElo "2370"]

1.Nf3 d5 2.c4 e6 3.g3 Nf6 4.Bg2 Be7 5.O-O O-O 6.b3 b6 7.Bb2 Bb7 8.e3 c5 9.Qe2 Nbd7
10.Nc3 Ne4 11.d3 Nxc3 12.Bxc3 Bf6 13.Qb2 Bxc3 14.Qxc3 Qf6 15.Qxf6 Nxf6 16.Rfd1  1/2-1/2

[Event "Cheliabinsk"]
[Site "Cheliabinsk"]
[Date "1989.??.??"]
[Round "?"]
[White "Arsovic, Zoran"]
[Black "Nikolic, Nebojsa"]
[Result "1/2-1/2"]
[WhiteElo "2380"]
[BlackElo "2390"]

1.Nf3 d5 2.c4 d4 3.g3 c5 4.b4 cxb4 5.a3 bxa3 6.Bxa3 Nc6 7.d3 e5 8.Qa4 Bxa3
9.Qxa3 Nf6 10.Bg2 Qe7 11.Nbd2 Qxa3 12.Rxa3 Nd7  1/2-1/2

[Event "Chianciano tt"]
[Site "Chianciano"]
[Date "1989.??.??"]
[Round "?"]
[White "Michalet, Guy"]
[Black "Vujosevic, Goran"]
[Result "1-0"]
[WhiteElo "2215"]
[BlackElo "2250"]

1.Nf3 d5 2.c4 e6 3.g3 Nf6 4.Bg2 dxc4 5.Ne5 Qd4 6.f4 Nbd7 7.Qa4 Rb8 8.Qxc4 Qd6
9.d4 c5 10.Be3 b5 11.Qd3 c4 12.Qd2 Bb7 13.Bxb7 Rxb7 14.O-O Be7 15.a4 a6 16.axb5 axb5
17.Ra8+ Nb8 18.f5 exf5 19.Rxf5 O-O 20.Nc3 Qe6 21.Qc2 Ne8 22.d5 Qd6 23.Ng4 g6
24.Ne4 Qd8 25.Nh6+ Kg7 26.Qc3+ f6 27.d6 Nxd6 28.Nc5 Qc8 29.Rd5 Ne8 30.Nxb7 Qxb7
31.Ra7 Qxd5 32.Rxe7+ Kh8 33.Rxe8  1-0

[Event "Chianciano tt"]
[Site "Chianciano"]
[Date "1989.??.??"]
[Round "?"]
[White "Michalet, Guy"]
[Black "Palos, Osman"]
[Result "0-1"]
[WhiteElo "2215"]
[BlackElo "2350"]

1.Nf3 d5 2.c4 e6 3.g3 c5 4.cxd5 exd5 5.d4 Nc6 6.Bg2 Nf6 7.O-O Be7 8.b3 Ne4
9.Bb2 Bf6 10.Nc3 O-O 11.Na4 Re8 12.Rc1 b6 13.dxc5 Bxb2 14.Nxb2 bxc5 15.Nd2 Qf6
16.Nxe4 dxe4 17.Nc4 Bg4 18.Ne3 Rad8 19.Nxg4 Qe6 20.Qe1 Qxg4 21.Rxc5 Nd4 22.Qa5 Qxe2
23.Re5 Rc8 24.Rxe8+ Rxe8 25.Qxa7 Nf3+ 26.Kh1 Nd2 27.Rc1 e3 28.fxe3 h5 29.e4 h4
30.gxh4 Re6 31.e5 Rxe5 32.h3 Ne4 33.Rc8+ Kh7 34.Qxf7 Qe1+ 35.Kh2 Qg3+ 36.Kg1 Nf6  0-1

[Event "US op"]
[Site "Chicago"]
[Date "1989.??.??"]
[Round "3"]
[White "Gurevich, Dmitry"]
[Black "Terrie, Henry L"]
[Result "1-0"]
[WhiteElo "2480"]
[BlackElo "2250"]

1.Nf3 d5 2.c4 e6 3.d4 Nf6 4.g3 c5 5.cxd5 Nxd5 6.Bg2 Nc6 7.O-O Be7 8.dxc5 Bxc5
9.a3 a5 10.Qc2 Qb6 11.Nbd2 O-O 12.e4 Nde7 13.Nb3 Bd6 14.Be3 Qc7 15.Rac1 e5
16.Nbd2 Be6 17.Nc4 h6 18.Rfd1 Nc8 19.Nxd6 Nxd6 20.Nxe5  1-0

[Event "COL-ch"]
[Site "COL"]
[Date "1989.??.??"]
[Round "?"]
[White "Minaya, Juan M"]
[Black "Gonzales, S."]
[Result "1/2-1/2"]
[WhiteElo "2280"]
[BlackElo "2320"]

1.Nf3 d5 2.c4 dxc4 3.e3 c5 4.Bxc4 Nc6 5.d4 e6 6.O-O Nf6 7.Nc3 a6 8.Qe2 cxd4
9.Rd1 Bb4 10.Nxd4 Nxd4 11.Rxd4 Qe7 12.e4 b5 13.Bxb5+ Nd7 14.Ba4 Bc5 15.Rd3 O-O
16.Bf4 a5 17.Qh5 f5 18.e5 Nb6 19.Bb5 a4 20.Rad1 a3 21.b3 Ra5 22.Bg5 Qc7 23.Qh4 Nd5
24.Nxd5 exd5 25.Rxd5 Rxb5 26.Qc4 Bxf2+ 27.Kxf2 Qxc4 28.bxc4 Rb2+ 29.R1d2 Be6
30.Rxb2 axb2 31.Rb5 Bxc4 32.Rxb2 Ra8 33.Be7 Bxa2 34.Bd6 Bd5  1/2-1/2

[Event "Copenhagen Obro op"]
[Site "Copenhagen"]
[Date "1989.??.??"]
[Round "1"]
[White "Borge, Nikolaj"]
[Black "Trifunov, Dimitar"]
[Result "0-1"]
[WhiteElo "2245"]
[BlackElo "2345"]

1.Nf3 d5 2.c4 c6 3.cxd5 cxd5 4.d4 Nc6 5.Nc3 Nf6 6.Bf4 Qb6 7.a3 e6 8.e3 Bd7
9.Bd3 Be7 10.O-O O-O 11.Na4 Qd8 12.b4 Nh5 13.Bg3 Nxg3 14.hxg3 g6 15.Nc5 Bc8
16.Rc1 Kg7 17.Bb5 Nb8 18.Rc3 a5 19.Qb3 axb4 20.axb4 h5 21.Rfc1 Rh8 22.Bf1 Nc6
23.Nd3 h4 24.g4 Bd6 25.Qb2 Qf6 26.b5 Na5 27.Nde5 h3 28.g5 Qe7 29.gxh3 Bd7
30.h4 Rh5 31.Bd3 Rah8 32.Kf1 Be8 33.Ke2 Rf8 34.Rg1 Nc4 35.Nxc4 dxc4 36.Rxc4 f6
37.Rcc1 Ba3 38.Rc7 Qxc7 39.Qxa3 Qf7 40.Rg2 fxg5 41.Ne5 Qf6 42.Qd6 g4 43.Qc7+ Kg8
44.Qxb7 Rxe5 45.dxe5 Qf3+  0-1

[Event "Copenhagen Obro op"]
[Site "Copenhagen"]
[Date "1989.??.??"]
[Round "2"]
[White "Adamski, Jan"]
[Black "Poulsen, Allan"]
[Result "1/2-1/2"]
[WhiteElo "2405"]
[BlackElo "2310"]

1.Nf3 d5 2.c4 e6 3.g3 c5 4.Bg2 Nc6 5.O-O Nf6 6.cxd5 exd5 7.d4 Be7 8.Nc3 O-O
9.dxc5 Bxc5 10.Bg5 d4 11.Ne4 Be7 12.Bxf6 Bxf6 13.Rc1 Be7 14.Qd2 Qb6 15.Rfd1 Rd8
16.a3 a5 17.Ne1 a4 18.Nd3 Ra5 19.Qc2 Bf5 20.Nd2 Rc5 21.Qxa4 Rxc1 22.Rxc1 Bxd3
23.exd3 Qxb2 24.Qd1 Qxa3 25.Nc4 Qc5 26.f4  1/2-1/2

[Event "Copenhagen Obro op"]
[Site "Copenhagen"]
[Date "1989.??.??"]
[Round "5"]
[White "Hutters, Tomas"]
[Black "Ingbrandt, Johan"]
[Result "1-0"]
[WhiteElo "2235"]
[BlackElo "2360"]

1.Nf3 d5 2.c4 e6 3.d4 Nf6 4.g3 dxc4 5.Bg2 Nbd7 6.Nbd2 Nb6 7.O-O c5 8.Nxc4 Nxc4
9.Qa4+ Bd7 10.Qxc4 Rc8 11.Ne5 b5 12.Qd3 c4 13.Qd1 Bd6 14.e4 O-O 15.Bg5 Be7
16.d5 h6 17.Bf4 exd5 18.exd5 Bc5 19.d6 Qb6 20.Nxd7 Nxd7 21.Bh3 Rcd8 22.Bxd7 Rxd7
23.Qg4 Qc6 24.Rad1 f5 25.Qg6 Rf6 26.Qe8+ Kh7 27.Be5 Rg6 28.Qf8 Qf3 29.Rd2 Qe4
30.Qc8 Qxe5 31.Qxd7 f4 32.Kh1 Qe4+ 33.f3 Qe3 34.Rg2 Qd3 35.Re1 Bxd6 36.Qc6 fxg3
37.Qe4 Bb4 38.Qxd3 cxd3 39.Rd1 d2 40.hxg3 Re6 41.a3 Ba5 42.b4 Bc7 43.Rgxd2 Bxg3
44.Rd7 Bf2 45.R1d5 Ra6 46.Rxb5 Rxa3 47.Rbb7 Rxf3 48.Rxg7+ Kh8 49.Kg2 Rf6
50.Rgc7  1-0

[Event "CUB-ch"]
[Site "?"]
[Date "1989.??.??"]
[Round "5"]
[White "Vilela, Jose Luis"]
[Black "Arencibia, Walter"]
[Result "1/2-1/2"]
[WhiteElo "2405"]
[BlackElo "2395"]

1.Nf3 d5 2.c4 e6 3.d4 Nf6 4.Nc3 Nbd7 5.Bg5 Bb4 6.e3 c5 7.cxd5 exd5 8.Bd3 c4
9.Bf5 Qa5 10.Qc2 O-O 11.O-O Re8 12.Nd2 g6 13.Bxd7 Nxd7 14.a3 Bxc3 15.bxc3 Nb6
16.f3 Bd7 17.Bf4 Re6 18.Rfb1 Bc6 19.Kf2 Na4 20.Rb4 b5 21.h4 Qd8 22.Rh1 Qe7
23.Qc1 Re8 24.Nf1 f6 25.g4 g5 26.Bg3 Qf7 27.Kg2 Qg6 28.hxg5 fxg5 29.Be5 Qd3
30.Ng3 Nxc3 31.Rb2 Na4 32.Rd2 Qb3 33.Nf5 c3 34.Rf2  1/2-1/2

[Event "CUB-ch"]
[Site "?"]
[Date "1989.??.??"]
[Round "9"]
[White "Vilela, Jose Luis"]
[Black "Estevez, Guillermo"]
[Result "1-0"]
[WhiteElo "2405"]
[BlackElo "2405"]

1.Nf3 d5 2.c4 d4 3.b4 g6 4.d3 Bg7 5.g3 Nh6 6.Bg2 O-O 7.O-O a5 8.b5 c5 9.bxc6 Nxc6
10.Nbd2 a4 11.Rb1 Ra5 12.Ba3 f5 13.Rb5 Re8 14.Qc2 Nf7 15.Rfb1 Nd6 16.Rxa5 Qxa5
17.c5 Nf7 18.Nc4 Qa7 19.Nfd2 Be6 20.Qb2 Bxc4 21.Nxc4 Nfe5 22.Nxe5 Bxe5 23.Qb6 Qxb6
24.Rxb6 Rb8 25.Bxc6 bxc6 26.Rxc6 Rb1+ 27.Kg2 Ra1 28.Re6 Bf6 29.c6 Rxa2 30.Bxe7 Kf7
31.c7 Rc2 32.Rxf6+ Kxe7 33.Ra6 Kd7 34.Kf3 Ra2 35.Ra7 a3 36.h4 h6 37.e3 dxe3
38.Kxe3 g5 39.h5 Kc8 40.f4 g4 41.Kd4 Rg2 42.Kd5 Kd7 43.Rxa3 Rxg3 44.Rc3 Kc8
45.Kd6  1-0

[Event "DEN-chB"]
[Site "DEN"]
[Date "1989.??.??"]
[Round "?"]
[White "Knudsen, Ole Scott"]
[Black "Bang, Andreas"]
[Result "1/2-1/2"]
[WhiteElo "2230"]
[BlackElo "2315"]

1.Nf3 d5 2.c4 c6 3.b3 Bg4 4.g3 Bxf3 5.exf3 Nf6 6.Bb2 e6 7.Bg2 dxc4 8.bxc4 c5
9.f4 Qd7 10.O-O Be7 11.d4 cxd4 12.Qxd4 Nc6 13.Qxd7+ Kxd7 14.Nd2 Rac8 15.Nf3 Rhd8
16.Ne5+ Nxe5 17.fxe5 Ne8 18.Bd4 Bc5 19.Bxc5 Rxc5 20.Rfd1+ Ke7 21.Rxd8 Kxd8
22.Bxb7 Rxe5 23.Bg2 Nd6 24.Bf1 Ra5 25.Rd1 Kc7 26.Rd2 Ne4 27.Rc2 Ra3 28.c5 Rc3
29.Rb2 Nxc5 30.Kg2 e5 31.Kh3 Ne6 32.Kg4 g6 33.h4 f5+ 34.Kh3 Nd4 35.Ba6 Kd6
36.Kg2 h6 37.Rb7 Rc7 38.Rb8 Rc2 39.Rg8 e4 40.Rxg6+ Ke5 41.Kf1 Nf3 42.a4 Rc1+
43.Kg2 Ne1+ 44.Kf1 Nd3+ 45.Ke2 Rc2+ 46.Kd1 Ra2 47.Bxd3 exd3 48.Rxh6 Rxa4
49.Kd2 Ke4  1/2-1/2

[Event "DEN-ch"]
[Site "DEN"]
[Date "1989.??.??"]
[Round "?"]
[White "Larsen, Bent"]
[Black "Jelling, Erik"]
[Result "1-0"]
[WhiteElo "2580"]
[BlackElo "2340"]

1.Nf3 d5 2.c4 c6 3.e3 Nf6 4.Nc3 g6 5.d4 Bg7 6.Be2 O-O 7.O-O Bg4 8.cxd5 Nxd5
9.h3 Bxf3 10.Bxf3 e6 11.Qb3 Qb6 12.Qc2 Nd7 13.Bd2 Rfe8 14.Rfd1 Rad8 15.Rac1 Nxc3
16.Bxc3 Qc7 17.g3 e5 18.d5 cxd5 19.Rxd5 Nf6 20.Rxd8 Rxd8 21.Rd1 Rxd1+ 22.Qxd1 b6
23.Bg2 h5 24.Qa4 Nd7 25.Bd5 Bf6 26.Qb3 Kg7 27.h4 Nf8 28.Kg2 Nd7 29.e4 Nf8
30.a4 a5 31.Bd2 Nd7 32.Be3 Nc5 33.Qc4 Qd7 34.b3 Bd8 35.Bxc5 bxc5 36.Qxc5 Qc7
37.b4 axb4 38.Qxb4 Be7 39.Qb5 Bc5 40.Qe8 Bd4 41.a5 Ba7 42.a6 Bb6 43.f3 Bd4
44.Qc6 Qxc6 45.Bxc6 Kf8 46.Kf1 Ke7 47.Ke2 f6 48.f4 exf4 49.gxf4 Ba7 50.Bd5 Bb6
51.Kf3 Bc5 52.Bg8 Kf8 53.Bc4 Ke7 54.e5 fxe5 55.fxe5 Kd7 56.Kf4 Kc7 57.Kg5 Bf2
58.Kxg6 Bxh4 59.Kxh5 Bg3 60.e6 Bd6 61.Kg6  1-0

[Event "Eger op"]
[Site "Eger"]
[Date "1989.??.??"]
[Round "?"]
[White "Busch, Klaus"]
[Black "Kiss, Pal"]
[Result "1/2-1/2"]
[WhiteElo "2255"]
[BlackElo "2315"]

1.Nf3 d5 2.c4 c6 3.g3 Nf6 4.Bg2 Bg4 5.Ne5 Be6 6.cxd5 Bxd5 7.Nf3 e5 8.O-O e4
9.Ne1 Bc5 10.Nc3 O-O 11.d3 exd3 12.Nxd5 Nxd5 13.Nxd3 Bb6 14.e4 Nc7 15.Nf4 Qxd1
16.Rxd1 Nba6 17.b3 Rfd8 18.Bb2 Nc5 19.Kf1  1/2-1/2

[Event "Forli op"]
[Site "Forli"]
[Date "1989.??.??"]
[Round "6"]
[White "Michalet, Guy"]
[Black "Votruba, Pavel"]
[Result "1/2-1/2"]
[WhiteElo "2215"]
[BlackElo "2355"]

1.Nf3 d5 2.c4 e6 3.g3 dxc4 4.Bg2 Nf6 5.Ne5 Nbd7 6.Nxc4 e5 7.Nc3 Be7 8.b3 O-O
9.Bb2 c6 10.O-O Qc7 11.d3 Nb6 12.Ne3 Be6 13.Rc1 Rad8 14.Qc2 Qb8 15.Ne4 Nfd5
16.Nc4 f6 17.Rfd1 c5 18.a3 Rc8 19.Qb1 Rfd8 20.e3 Nd7 21.a4 b6 22.d4 cxd4  1/2-1/2

[Event "FRA-chT"]
[Site "?"]
[Date "1989.??.??"]
[Round "?"]
[White "Peyrat, Olivier"]
[Black "Schwicker, Francois"]
[Result "1-0"]
[WhiteElo "2230"]
[BlackElo "2240"]

1.Nf3 d5 2.c4 e6 3.g3 c5 4.Bg2 Nc6 5.O-O dxc4 6.Na3 e5 7.Nxc4 f6 8.e3 Be6
9.b3 Nge7 10.d4 Ng6 11.dxe5 fxe5 12.Bb2 Bxc4 13.bxc4 Be7 14.Qd5 Qc7 15.Rad1 Rd8
16.Qe6 Rd6 17.Rxd6 Qxd6 18.Qxd6 Bxd6 19.Ng5 Ke7 20.Bxc6 bxc6 21.Ba3 Rb8 22.Rd1 Rb6
23.Ne4 Ra6 24.Rd3  1-0

[Event "FRA-chT"]
[Site "?"]
[Date "1989.??.??"]
[Round "?"]
[White "Bernard, Christophe"]
[Black "Vincent, Stephane"]
[Result "1-0"]
[WhiteElo "2320"]
[BlackElo "2305"]

1.Nf3 d5 2.c4 c6 3.d4 Nf6 4.Nc3 dxc4 5.e4 b5 6.e5 Nd5 7.a4 Nxc3 8.bxc3 e6
9.Ng5 a6 10.axb5 h6 11.Qh5 g6 12.Qh3 Be7 13.bxc6 Nxc6 14.Nxf7 Kxf7 15.Qf3+ Kg7
16.Qxc6 Bd7 17.Qxc4 Qb6 18.Qa2 Rhc8 19.Bd2 Qb7 20.Qb1 Qd5 21.Qd3 Bb5 22.Qf3 Qxf3
23.gxf3 Bc6 24.Rg1 Bxf3 25.Bd3 g5 26.Rg3 Rf8 27.Rxf3 Rxf3 28.Be4 Rff8 29.Bxa8 Rxa8
30.Ke2 Kg6 31.c4 Kf5 32.Kd3 Bd8 33.Ra3 a5 34.c5 a4 35.Kc4 Ke4 36.h3 h5 37.f3+ Kf5
38.Kb5 Rb8+ 39.Kc6 Rb3 40.Rxa4 Rxf3 41.Kd7 g4 42.hxg4+ hxg4 43.Kxd8 g3 44.c6 g2
45.c7 g1=Q 46.c8=Q Qd1 47.Qd7 Qxd2 48.Qf7+ Kg4 49.Qxe6+ Kg3 50.Qe8 Kh3 51.d5 Rg3
52.Qe6+ Kg2 53.d6 Qg5+ 54.Kd7 Qg7+ 55.Kc6 Rc3+ 56.Rc4 Rxc4+ 57.Qxc4 Qxe5
58.Qd5+  1-0

[Event "NRW-Liga II 8889"]
[Site "Germany"]
[Date "1989.??.??"]
[Round "?"]
[White "Rieke, Theo"]
[Black "Wessendorf, Thomas"]
[Result "1/2-1/2"]
[WhiteElo "2250"]
[BlackElo "2285"]

1.Nf3 d5 2.c4 c6 3.d4 Nf6 4.Nc3 a6 5.cxd5 cxd5 6.Bf4 Nc6 7.e3 Bg4 8.Be2 e6
9.O-O Bd6 10.Bg3 O-O 11.Rc1 Rc8 12.Nd2 Bxe2 13.Qxe2 b5 14.Nb3 Bb4 15.Bh4 Be7
16.Bxf6 Bxf6 17.Nc5 Qd6 18.Rfd1 Na5 19.a4 bxa4 20.N3xa4 Rc6 21.Ra1 Rb8 22.Nd3 Nb3
23.Ra3 Be7 24.Nac5 Nxc5 25.dxc5 Qc7 26.b4 g6 27.Qa2 Qb7 28.Ra4 Bd8 29.g3 Bf6
30.f4 Qb5 31.Ne5 Bxe5 32.fxe5 Ra8 33.Rd2 Qb8 34.Qa1 Rc7 35.Qd4 Rb7 36.Rda2 Rb5
37.Rxa6 Rxa6 38.Rxa6 Rxb4 39.Rb6 Rb1+ 40.Kg2 Rxb6 41.cxb6 Qb7 42.Kh3 Qa6
43.Kg2 Qe2+ 44.Kg1 Qe1+ 45.Kg2 Qe2+  1/2-1/2

[Event "BL2-W8889"]
[Site "Germany"]
[Date "1989.??.??"]
[Round "?"]
[White "Serrer, Christoph"]
[Black "Meduna, Eduard"]
[Result "0-1"]
[WhiteElo "2265"]
[BlackElo "2485"]

1.Nf3 d5 2.c4 c6 3.cxd5 cxd5 4.d4 Nc6 5.Nc3 Nf6 6.Bf4 Bf5 7.e3 e6 8.Ne5 Nxe5
9.Bxe5 a6 10.Qb3 Bd6 11.Bxd6 Qxd6 12.Be2 O-O 13.O-O Rfc8 14.Rfc1 Nd7 15.Nd1 Nb6
16.Bd3 Bxd3 17.Qxd3 Qb4 18.Kf1 Nc4 19.Rc2 Rc6 20.b3 Qa3 21.Ke2 Na5 22.Rac1 g6
23.Qd2 Rac8 24.Rxc6 Nxc6 25.Kf1 Rd8 26.Qb2 Qe7 27.Qd2 e5 28.dxe5 Qxe5 29.g3 Qe4
30.h4 d4 31.exd4 Nxd4 32.f4 Qh1+ 33.Kf2 Qh2+  0-1

[Event "BL2-W8889"]
[Site "Germany"]
[Date "1989.??.??"]
[Round "?"]
[White "Rosen, Bernd"]
[Black "Kaeser, Udo"]
[Result "1/2-1/2"]
[WhiteElo "2305"]
[BlackElo "2265"]

1.Nf3 d5 2.c4 e6 3.g3 c6 4.b3 f5 5.Bg2 Bd6 6.Ba3 e5 7.cxd5 cxd5 8.Bxd6 Qxd6
9.d4 e4 10.Ne5 Nc6 11.Nxc6 Qxc6 12.O-O Bd7 13.Qd2 Rc8 14.Na3 Qd6 15.Qa5 Ne7
16.Nb5 Bxb5 17.Qxb5+ Qd7 18.Qxd7+ Kxd7 19.Rfc1 Nc6 20.Rc5 b6 21.Rc2 Nb4 22.Rd2 Rc3
23.Bf1 Rhc8 24.Rad1 Rc2 25.a3 Rxd2 26.Rxd2 Nc2 27.Rd1 b5 28.a4 b4 29.e3 Na3
30.Rd2 Rc1 31.Rb2 Nb1 32.Kg2 Nc3 33.Be2 a5 34.h4 Kc7 35.h5 Kb6 36.h6 g6 37.g4 Nxe2
38.Rxe2 fxg4 39.Kg3 Rg1+ 40.Kf4 Rg2 41.Re1 Rxf2+ 42.Kxg4 Rh2 43.Rf1 Rxh6
44.Rf6+ Kb7 45.Rf7+ Kc6 46.Rf6+ Kb7 47.Rf7+ Kb8 48.Rf8+ Kc7 49.Ra8 Kb6 50.Rb8+ Ka6
51.Ra8+ Kb6 52.Rb8+ Ka6  1/2-1/2

[Event "BL2-W8889"]
[Site "Germany"]
[Date "1989.??.??"]
[Round "?"]
[White "Jackelen, Thomas"]
[Black "Kebbekus, Thomas"]
[Result "1-0"]
[WhiteElo "2325"]
[BlackElo "2240"]

1.Nf3 d5 2.c4 e6 3.g3 Nf6 4.Bg2 Be7 5.O-O O-O 6.d4 dxc4 7.Qc2 a6 8.Qxc4 b5
9.Qc2 Bb7 10.Bg5 Nbd7 11.Bxf6 Nxf6 12.Nbd2 Rc8 13.Nb3 Be4 14.Qc3 b4 15.Qc4 Qd5
16.Rfc1 Qxc4 17.Rxc4 Bd5 18.Rc2 Be4 19.Rcc1 Bd6 20.Ne1 Bxg2 21.Kxg2 e5 22.dxe5 Bxe5
23.Nd3 Rfe8 24.e3 Bd6 25.Rc6 Ra8 26.Na5 Reb8 27.Rac1 Ne8 28.Nc5 Rb5 29.Nab3 a5
30.Nd4 Rb6 31.Rxb6 cxb6 32.Nd7 Bc7 33.Rc6 Rd8 34.Nxb6 Rd6 35.Nc4 Rd5 36.Ra6 Kf8
37.Nc6 Rc5 38.b3 a4 39.Nxb4 axb3 40.axb3 Rb5 41.Ra4 g6 42.Kf3 Nf6 43.Na6 Bd8
44.b4 Rf5+ 45.Kg2 Ne4 46.Ra2 Be7 47.f3 Nc3 48.Ra5 Rf6 49.Nc5 Rc6 50.Ne5 Rc8
51.e4 Ke8 52.Kf2 Rd8 53.Nc6 Bxc5+ 54.Rxc5 Rd3 55.Ne5 Rd2+ 56.Ke3 Nb1 57.h4 Rg2
58.Kf4 f6 59.Ng4 Ke7 60.Rc7+ Kd6 61.Rxh7  1-0

[Event "BL2-S8889"]
[Site "Germany"]
[Date "1989.??.??"]
[Round "?"]
[White "Zinic, Tihomir"]
[Black "Saacke, Bernd"]
[Result "1/2-1/2"]
[WhiteElo "2290"]
[BlackElo "2300"]

1.Nf3 d5 2.c4 e6 3.g3 dxc4 4.Bg2 a6 5.a4 Nc6 6.Na3 Na5 7.Qc2 Bxa3 8.Rxa3 Nf6
9.d3 O-O 10.dxc4 Nc6 11.O-O Qe7 12.Bf4 e5 13.Bd2 Re8 14.Bc3 Qc5 15.Nd2 a5
16.Rb3 Nb4 17.Qb1 c6 18.Ra3 Bg4 19.Bf3 Bh3 20.Rc1 Qe7 21.Bg2 Bg4 22.Bf3 Bh3
23.Bg2 Qe6 24.Nf3 Bf5 25.Ng5 Qc8 26.e4 Bg6 27.Bh3 Qc7 28.Bf5 c5 29.Bxg6 hxg6
30.Bxb4 axb4 31.Ra1 Red8 32.Rd1 Rxd1+ 33.Qxd1 Rd8 34.Qe2 Qd6 35.Kg2 Qd2 36.Qxd2 Rxd2
37.a5 Rd6 38.Kf3 Nd7 39.Ke3 f6 40.Nf3 Nb8 41.Nd2  1/2-1/2

[Event "BL2-S8889"]
[Site "Germany"]
[Date "1989.??.??"]
[Round "?"]
[White "Zinic, Tihomir"]
[Black "Tischer, Guenter"]
[Result "1-0"]
[WhiteElo "2290"]
[BlackElo "2340"]

1.Nf3 d5 2.c4 e6 3.g3 Nf6 4.Bg2 Be7 5.O-O O-O 6.d4 dxc4 7.Qc2 a6 8.Qxc4 b5
9.Qc2 Bb7 10.Bd2 Nc6 11.e3 Qb8 12.a3 Rc8 13.Rc1 a5 14.Ne1 Nd8 15.Nd3 Bxg2
16.Kxg2 Qb7+ 17.f3 Nd7 18.Nc5 Nxc5 19.dxc5 Nc6 20.Qe4 Rd8 21.Bc3 Rd5 22.b4 axb4
23.axb4 Rad8 24.h4 e5 25.Rc2 Bf6 26.Rd2 Ne7 27.Ra5 g6 28.Kh3 Bg7 29.Rda2 f5
30.Qc2 Rd3 31.Qe2 e4 32.Bxg7 Kxg7 33.Qb2+ Kf7 34.Ra7 Qc8 35.R2a6 Nd5 36.f4 Re8
37.Na3 Rxe3 38.Nxb5 Re7 39.Ra8 Nxf4+ 40.Kh2 Qxa8 41.Qf6+  1-0

[Event "GermanyNord-Baden/Wuert"]
[Site "Germany"]
[Date "1989.??.??"]
[Round "1"]
[White "Zinic, Tihomir"]
[Black "Ehrke, Michael"]
[Result "1/2-1/2"]
[WhiteElo "2285"]
[BlackElo "2225"]

1.Nf3 d5 2.c4 e6 3.g3 Nf6 4.Bg2 Be7 5.O-O O-O 6.d4 c5 7.cxd5 exd5 8.Nc3 c4
9.Ne5 Nc6 10.Nxc6 bxc6 11.b3 cxb3 12.Qxb3 Qb6 13.Qd1 Bf5 14.Kh1 Qb4 15.Qd2 Qc4
16.Bb2 Rab8 17.f3 c5 18.Nd1 Bg6 19.Rc1 Qxa2 20.dxc5 Rbc8 21.Bh3 Rxc5 22.Ra1 Qb3
23.Rxa7 Bd8 24.Ba3 Rc2 25.Qe3 Qxe3 26.Nxe3 Ra2 27.Bc5 Rxa7 28.Bxa7 Ba5 29.Rd1 Re8
30.Kg1 h6 31.Kf1 Rd8 32.Bc5 Bc3 33.Be7 Re8 34.Bxf6 Rxe3 35.Bxc3 Rxc3 36.Rxd5 Bb1
37.Rd8+ Kh7 38.Rc8 Re3 39.Kf2 Re5 40.Rc7 Ba2 41.e4 Kg8 42.Bf1 g6 43.Ke3 Ra5
44.Rc6 Ra3+ 45.Kf2 Be6 46.Ra6 Rc3 47.h4 Rc2+ 48.Ke3 h5 49.Ra8+ Kg7 50.Ra3 Rc1
51.Be2 Rb1 52.Rc3 Ra1 53.Bc4 Bxc4 54.Rxc4  1/2-1/2

[Event "URS-sf Russia-ch"]
[Site "Gorky"]
[Date "1989.??.??"]
[Round "?"]
[White "Tunik, Gennady"]
[Black "Kuporosov, Viktor"]
[Result "1/2-1/2"]
[WhiteElo "2470"]
[BlackElo "2445"]

1.Nf3 d5 2.c4 dxc4 3.Na3 a6 4.Nxc4 b5 5.Ne3 Bb7 6.a4 Nd7 7.d4 e6 8.g3 Ngf6
9.Bg2 Bd6 10.Qb3 Rb8 11.axb5 axb5 12.O-O O-O 13.Rd1 c5  1/2-1/2

[Event "URS-sf Russia-ch"]
[Site "Gorky"]
[Date "1989.??.??"]
[Round "?"]
[White "Makarov, Marat"]
[Black "Kharitonov, Andrei Y"]
[Result "1/2-1/2"]
[WhiteElo "2505"]
[BlackElo "2505"]

1.Nf3 d5 2.c4 e6 3.d4 Nf6 4.Nc3 Be7 5.Bg5 O-O 6.e3 Nbd7 7.Rc1 dxc4 8.Bxc4 a6
9.a4 c5 10.O-O cxd4 11.exd4 Nb6 12.Bb3  1/2-1/2

[Event "Gran Canaria op2"]
[Site "Gran Canaria"]
[Date "1989.??.??"]
[Round "?"]
[White "Gonzalez, G."]
[Black "Lezcano Montalvo, Pedro"]
[Result "1/2-1/2"]
[WhiteElo "2215"]
[BlackElo "2250"]

1.Nf3 d5 2.c4 c6 3.b3 Nf6 4.Bb2 Bg4 5.e3 Nbd7 6.Be2 e6 7.O-O Bd6 8.Nd4 Bxe2
9.Qxe2 O-O 10.f4 a6 11.cxd5 Nxd5 12.Na3 c5 13.Nc4 Bc7 14.Nf3 b5 15.Nce5 Nxe5
16.fxe5 Nb4 17.d4 cxd4 18.Bxd4 Nd5 19.Rac1 Rc8 20.Qd2 Bb6 21.Rxc8 Qxc8 22.Rc1 Qb7
23.Bxb6 Nxb6 24.Qd6 Nd5 25.Qc5 h6 26.a3 b4 27.axb4 Qxb4  1/2-1/2